| 000 | 00441pab a2200157 454500 | ||
|---|---|---|---|
| 008 | 180718b1998 xxu||||| |||| 00| 0 eng d | ||
| 100 | _aKaushik, Devendra | ||
| 245 | _aIndia and Central Asia: renewing a traditional relationship | ||
| 260 | _c1998 | ||
| 300 | _ap.231-44 | ||
| 362 | _aJul-Dec | ||
| 650 | _aIndia - Foreign relations - Central Asia | ||
| 650 | _aInternational relations | ||
| 773 | _aSouth Asian Survey | ||
| 909 | _a40014 | ||
| 999 |
_c40014 _d40014 |
||